000 00555nam a22001937a 4500
003 KOHA_MİRAKIL
005 20251221133640.0
008 251221b tu ||||| |||| 00| 0 tur d
020 _a9786258431735
040 _aTR-AnABB
_btur
_cTR-AnABB
041 _atur
082 _a936.401
_bCAE 2022
100 1 _aCaesar, Gaius Iulius,
245 1 0 _aİskenderiye Afrika ve İspanya savaşları /
_cGaius İulius Caesar
260 _aİstanbul :
_bKronik Kitap,
_c2022
300 _a207 sayfa ;
_c21 cm
650 0 4 _aAskeri tarih
942 _2ddc
_cBK
999 _c9833
_d9833
900 _bGizem YORULMAZ